000 00506nam a2200193 a 4500
001 1758712715070
003 YourLibrary
005 20250924164949.0
008 250924s1997##################000#0#eng##
020 _a9780306456411
082 0 4 _a579.2436
_bMIL
100 1 _aMiller, Lois K.,
_eauthor.
245 1 0 _aThe Baculoviruses :
260 _bSpringer Science & Business Media,
_c1997.
300 _a480 pages
650 0 _aMedical.
942 _cENGLISH
040 _aYourLibrary
_beng
_cYourLibrary
999 _c589411
_d589411